Countries of the World Quiz - Broken Edition. - Statistics

General Stats
  • This quiz has been taken 47 times
  • The average score is 79 of 225
Answers on the Map
Answers color-coded by a green-red scale on the quiz's map according to % correct below.
 
Answer Stats
Hint % Correct
Russia
79%
Canada
68%
China
62%
United
62%
Mexico
59%
Iceland
56%
South
56%
Australia
53%
France
53%
Mongolia
53%
Denmark
50%
Ireland
50%
Japan
50%
North
50%
Norway
50%
Portugal
50%
Spain
50%
Sweden
50%
Afghanistan
47%
Argentina
47%
Brazil
47%
Cuba
47%
Dominica
47%
Finland
47%
India
47%
Italy
47%
Saudi
47%
Algeria
44%
Andorra
44%
Austria
44%
Colombia
44%
Dominican
44%
Egypt
44%
Germany
44%
Greece
44%
Haiti
44%
Madagascar
44%
Netherlands
44%
New
44%
Panama
44%
Peru
44%
Poland
44%
Sudan
44%
United States
44%
Azerbaijan
41%
Bahrain
41%
Belgium
41%
Bhutan
41%
Bolivia
41%
Bosnia
41%
Chile
41%
Croatia
41%
Cyprus
41%
Czech
41%
Ecuador
41%
Eritrea
41%
Estonia
41%
Ethiopia
41%
Guatemala
41%
Guyana
41%
Honduras
41%
Hungary
41%
Iran
41%
Iraq
41%
Jamaica
41%
Jordan
41%
Kazakhstan
41%
Kenya
41%
Kyrgyzstan
41%
Latvia
41%
Libya
41%
Mali
41%
Morocco
41%
Oman
41%
Pakistan
41%
Paraguay
41%
Philippines
41%
Romania
41%
San
41%
Slovakia
41%
Slovenia
41%
Somalia
41%
Sri
41%
Tunisia
41%
Turkey
41%
Ukraine
41%
Uruguay
41%
Uzbekistan
41%
Vatican
41%
Venezuela
41%
Vietnam
41%
Yemen
41%
Zambia
41%
Angola
38%
Armenia
38%
Belarus
38%
Belize
38%
Chad
38%
Djibouti
38%
Georgia
38%
Guinea
38%
Indonesia
38%
Israel
38%
Lebanon
38%
Lesotho
38%
Liechtenstein
38%
Lithuania
38%
Malaysia
38%
Maldives
38%
Nauru
38%
Niger
38%
Palau
38%
Papua
38%
Republic
38%
Singapore
38%
Suriname
38%
Switzerland
38%
Tajikistan
38%
Thailand
38%
Togo
38%
Turkmenistan
38%
Vanuatu
38%
Zimbabwe
38%
Albania
35%
Bahamas
35%
Bangladesh
35%
Barbados
35%
Cambodia
35%
Cameroon
35%
Cape
35%
Central
35%
Comoros
35%
Costa
35%
East
35%
Ivory
35%
Kosovo
35%
Kuwait
35%
Laos
35%
Luxembourg
35%
Malawi
35%
Marshall
35%
Mauritania
35%
Moldova
35%
Montenegro
35%
Mozambique
35%
Myanmar
35%
Namibia
35%
Nepal
35%
Nicaragua
35%
Nigeria
35%
Qatar
35%
Rwanda
35%
Senegal
35%
Serbia
35%
Sierra
35%
Syria
35%
Taiwan
35%
Tanzania
35%
Uganda
35%
Benin
32%
Botswana
32%
Brunei
32%
Bulgaria
32%
Burkina
32%
Burundi
32%
Democratic
32%
Eswatini
32%
Fiji
32%
Gabon
32%
Gambia
32%
Ghana
32%
Kiribati
32%
Liberia
32%
Malta
32%
Mauritius
32%
Monaco
32%
São
32%
Seychelles
32%
Solomon
32%
Tonga
32%
Tuvalu
32%
El
29%
Equatorial
29%
Saint
29%
Samoa
29%
Trinidad
29%
Antigua
26%
Grenada
26%
Federated
24%
Hawaii
6%
Alaska
3%
Arizona
3%
Florida
3%
Nevada
3%
Texas
3%
California
0%
Colorado
0%
Illinois
0%
Indiana
0%
Kansas
0%
Kentucky
0%
Maine
0%
Michigan
0%
Missouri
0%
Montana
0%
Nebraska
0%
New Mexico
0%
New York
0%
North Dakota
0%
Ohio
0%
Oklahoma
0%
Oregon
0%
South Dakota
0%
Tennessee
0%
Utah
0%
Washington
0%
West Virginia
0%
Wisconsin
0%
No matching quizzes found
Score Distribution
Percent of People with Each Score
Percentile by Number Answered
Your Score History
You have not taken this quiz